000 nam a22 7a 4500
999 _c127495
_d127495
008 180125b xxu||||| |||| 00| 0 eng d
020 _a9782204040952
050 _aBT121.2
_b.P218
100 _aPaprocki, Henryk
_938872
245 _aLa promesse du Pere
_bl'experience du Saint Esprit dans l'eglise orthodoxe
_cHenryk Paprocki
260 _aParis
_bLes Editions Du Cerf
_c1990
300 _a149p. ;
_c24cm.
440 _aTheologies
_938866
650 _aHoly spirit
_xHistory of doctrines
_91371
650 _aOrthodox Eastern Church
_xDoctrines
_938839
942 _2lcc
_cMONOGRAPH